| 000 | 00798nam a22001337a 4500 | ||
|---|---|---|---|
| 040 | _cRUA | ||
| 082 | _aVEM KHO 2015 B525 Or.1 | ||
| 100 | _aKHOUN RACHANA; ឃួន រចនា | ||
| 245 | _aEffect of broken mung bean utilization in feed ingredient on quail growth at animal experimental at station of royal university of agriculture, ឥទ្ធិពលនៃការប្រើប្រាស់ចុងសណ្ដែកបាយ(៣)ជាចំណីផ្សំលើការលូតលាស់របស់ក្រូចនៅស្ថានីយ៍ចិញ្ចឹមសត្វនៃសាកលវិទ្យាល័យភូមិន្ទកសិកម្ម | ||
| 260 |
_aRUA _bKHO _c2015 |
||
| 300 |
_ax,42p. _bill. _c29cm. |
||
| 856 | _u KHOUN RACHANA | ||
| 942 | _cVEM | ||
| 999 |
_c10645 _d10645 |
||